| 000 | 01151nam a22003257a 4500 | ||
|---|---|---|---|
| 003 | CHAP | ||
| 005 | 20220329133714.0 | ||
| 008 | 971013s1994 r 00010 d | ||
| 010 | _a9743 | ||
| 011 | _a10715 | ||
| 035 | _a9953 | ||
| 040 | _cCHAP | ||
| 090 | _aTesis | ||
| 100 | 0 | 0 |
_aJuárez Rivero, Luz María. _962481 |
| 245 | _aCostos de producción y comercialización de leche con pequeños productores, en tres comunidades del municipio de Acolmán, Estado de México | ||
| 260 |
_aChapingo, Méx. : _bEl autor, _c1994 |
||
| 300 | _a72 h. | ||
| 502 | _aTesis (Ing. Agr. Esp. en Economía Agrícola) -- UACH. Departamento de Economía Agrícola | ||
| 590 |
_aALEPH _b10 _c20130110 _lUCH01 _h1225 |
||
| 590 |
_aBATCH-UPD _b10 _c20130110 _lUCH01 _h1959 |
||
| 590 |
_aBATCH-UPD _b10 _c20130410 _lUCH01 _h1319 |
||
| 590 |
_aBATCH-UPD _b10 _c20130914 _lUCH01 _h1716 |
||
| 590 |
_aCONVERSION _b10 _c20130109 _lUCH01 _h1306 |
||
| 650 | 1 | 4 |
_aLeche _xCostos de producción. _965371 |
| 650 | 1 | 4 |
_aLeche _xMercadeo _zTlaxcala. _965393 |
| 650 | 1 | 4 |
_aLeche _xProducción. _965400 |
| 901 | _aBK | ||
| 942 | _cTESIS | ||
| 949 |
_bBC _cTES _d-21184 _eTS1 _h26740 _i9953 _si |
||
| 999 |
_c9743 _d9743 |
||